| 000 | 00000nam##2200000za#4500 |
| 001 | 9.603295 |
| 003 | CaOODSP |
| 005 | 20210624211015 |
| 007 | cr ||||||||||| |
| 008 | 150406|2003||||xxc|||||o f|0| 0 fre|d |
| 040 | |aCaOODSP|bfre |
| 043 | |an-cn--- |
| 086 | 1 |aBT31-4/40-2003F-PDF |
| 110 | 1 |aCanada. |bConseil du trésor. |
| 245 | 10|aDéveloppement économique Canada - budget des dépenses pour la période se terminant le 31 mars 2003 : |h[ressource électronique]|brapport sur le rendement |
| 246 | 1 |iTitre de renvoi : |aDéveloppement économique Canada pour les régions du Québec - rapport sur le rendement |
| 260 | |bSecrétariat du Conseil du Trésor du Canada |c2003. |
| 300 | |a153p.|bfigures, graphiques, organigramme, tableaux |
| 490 | 1 |aRapport sur le rendement pour la période se terminant le 31 mars 2003 |
| 590 | |a12-06-Supp|b2012-03-07 |
| 775 | 08|tEconomic Development Canada, estimates for the period ending March 31, 2003 : |w(CaOODSP)9.573058 |
| 776 | 0#|tCanada Economic Development for Quebec Regions |w(CaOODSP)9.538262 |
| 776 | 0#|tDéveloppement économique Canada pour les régions du Québec |w(CaOODSP)9.538263 |
| 830 | #0|aRapport sur le rendement pour la période se terminant le 31 mars 2003.|w(CaOODSP)9.501309 |
| 856 | 40|ahttp://publications.gc.ca|qPDF|s774 Ko|uhttps://publications.gc.ca/collections/collection_2012/sct-tbs/BT31-4-40-2003-fra.pdf |